Masters of War - Bob Dylan (Lyrics) - Statistics

General Stats
  • This quiz has been taken 83 times
  • The average score is 272 of 335
Answer Stats
Answer % Correct
masters
100%
of
100%
the
100%
war
100%
you
100%
You
100%
a
98%
A
98%
all
98%
All
98%
gun
95%
that
95%
That
95%
Come
93%
come
93%
big
90%
bombs
90%
build
90%
guns
90%
your
90%
back
88%
be
88%
death
88%
do
88%
Do
88%
I
88%
what
88%
Will
88%
will
88%
can
85%
for
85%
For
85%
hide
85%
in
85%
never
85%
soul
85%
Then
85%
won
85%
And
83%
and
83%
buy
83%
I’m
83%
it
83%
know
83%
me
83%
planes
83%
behind
80%
but
80%
But
80%
dead
80%
down
80%
Down
80%
just
80%
lie
80%
Like
80%
money
80%
my
80%
run
80%
see
80%
through
80%
to
80%
want
80%
when
80%
When
80%
you’re
80%
blood
78%
bullets
78%
could?
78%
die
78%
drain
78%
forgive
78%
grave
78%
hand
78%
hope
78%
I’ll
78%
is
78%
Is
78%
it’s
78%
its
78%
one
78%
sure
78%
think
78%
water
78%
with
78%
would
78%
destroy
76%
even
76%
fly
76%
good?
76%
Jesus
76%
made
76%
nothing
76%
put
76%
runs
76%
soon
76%
walls
76%
watch
76%
world
76%
believe
73%
desks
73%
done
73%
fast
73%
little
73%
over
73%
play
73%
say
73%
stand
73%
‘Til
73%
toy
73%
veins
73%
While
73%
while
73%
young
73%
deceive
71%
mansion
71%
old
71%
out
71%
children
68%
ever
68%
pale
68%
people’s
68%
takes
68%
toll
68%
unlearned
68%
worth
68%
afternoon
66%
baby
66%
bodies
66%
bring
66%
casket
66%
Flows
66%
forgiveness?
66%
Let
66%
masks
66%
their
66%
ask
63%
fire
63%
follow
63%
gets
63%
higher
63%
How
63%
into
63%
Judas
63%
mud
63%
talk
63%
thing
63%
ain’t
61%
eyes
61%
fear
61%
Fear
61%
lowered
61%
question
61%
than
61%
there’s
61%
turn
61%
turn?
61%
Unborn
61%
brain
59%
count
59%
deathbed
59%
from
59%
much
59%
worst
59%
younger
59%
buried
56%
find
56%
might
56%
others
56%
unnamed
56%
farther
54%
hurled
49%
thrown
49%
triggers
49%
You’ve
49%
threatening
46%
fasten
41%
though
37%
set
29%
By
27%
No matching quizzes found
Score Distribution
Percent of People with Each Score
Percentile by Number Answered
Your Score History
You have not taken this quiz